Normal view
MARC view
Entry Personal Name
001 - CONTROL NUMBER
- control field: 1234948
003 - CONTROL NUMBER IDENTIFIER
- control field: OSt
005 - DATE AND TIME OF LATEST TRANSACTION
- control field: 20260416115422.0
008 - FIXED-LENGTH DATA ELEMENTS
- fixed length control field: 260416|| aca||aabn | a|a d
040 ## - CATALOGING SOURCE
- Original cataloging agency: OSt
- Transcribing agency: OSt
100 ## - HEADING--PERSONAL NAME
- Personal name: Gulati, Nidhi. Supervisor
670 ## - SOURCE DATA FOUND
- Source citation: Work cat.: (OSt)1848284: Saini, Deepti 1234947, Construction of masculinities in school/, 2025
